Monografías del Departamento y Municipio de San Miguel (Registro nro. 4139)

Detalles MARC
000 -CABECERA
Longitud fija campo de control 00730nam a22001937a 4500
003 - IDENTIFICADOR DELl NÚMERO DE CONTROL
Identificador del número de control OSt
005 - FECHA Y HORA DE LA ÚLTIMA TRANSACCIÓN
Fecha y hora de la última transacción 20140715213005.0
008 - CÓDIGOS DE INFORMACIÓN DE LONGITUD FIJA
Códigos de información de longitud fija 131114b1997 slv spa
040 ## - FUENTE DE LA CATALOGACIÓN
Centro transcriptor BMC
082 ## - NÚMERO DE LA CLASIFICACIÓN DECIMAL DEWEY
Númeroo de clasificación 972.8432
082 ## - NÚMERO DE LA CLASIFICACIÓN DECIMAL DEWEY
Númeroo de clasificación 972.84
110 2# - PUNTO DE ACCESO PRINCIPAL-NOMBRE DE ENTIDAD CORPORATIVA
9 (RLIN) 9357
Nombre de entidad corporativa o nombre de jurisdicción como elemento inicial Instituto Geográfico Nacional Ingeniero Pablo Arnoldo Guzmán (El Salvador)
245 10 - MENCIÓN DE TÍTULO
Título Monografías del Departamento y Municipio de San Miguel
Mención de responsabilidad, etc. Instituto Geográfico Nacional "Ing. Pablo Arnoldo Guzmán"
260 ## - PUBLICACIÓN, DISTRIBUCIÓN, ETC. (PIE DE IMPRENTA)
Lugar de publicación, distribución, etc. San Salvador
Nombre del editor, distribuidor, etc. El Instituto : Centro Nacional de Registros
Fecha de publicación, distribución, etc. 1997
300 ## - DESCRIPCIÓN FÍSICA
Extensión 145 p.
Otras características físicas il. col. y n., mapas
Dimensiones 27 cm
Material anejo + 1 h. pleg.
651 #4 - PUNTO DE ACCESO ADICIONAL DE MATERIA - NOMBRE GEOGRÁFICO
9 (RLIN) 9304
Nombre geográfico San Miguel (El Salvador)
Subdivisión de materia general Descripción
651 #4 - PUNTO DE ACCESO ADICIONAL DE MATERIA - NOMBRE GEOGRÁFICO
9 (RLIN) 9298
Nombre geográfico El Salvador
Subdivisión de materia general Descripción
942 ## - ENTRADA DE ELEMENTOS AGREGADOS (KOHA)
Fuente de clasificaión o esquema Dewey Decimal Classification
Koha [por defecto] tipo de item 1- Monografias
Existencias
Suprimido Perdido Fuente de clasificación o esquema Estropeado Restricciones de uso No para préstamo Código de colección Localización permanente Localización actual Localización en estanter&íacute;as Fecha adquisición Fuente de adquisición Número de inventario Préstamos totales Signatura completa Código de barras Fecha última consulta Coste, precio reemplazado Fecha del precio de reemplazo Tipo de item de Koha
NULL NULL Dewey Decimal Classification NULL Prestable NULL NULL Biblioteca Miguel de Cervantes - UNICAES Biblioteca Miguel de Cervantes - UNICAES Sala Principal 15/11/2013 Donación - Facultad de Ciencias y Humanidades 007180   972.8432 INS mon 1007180 15/11/2013 9.00 15/11/2013 1- Monografias
NULL NULL Dewey Decimal Classification NULL Prestable NULL NULL Biblioteca Miguel de Cervantes - UNICAES Biblioteca Miguel de Cervantes - UNICAES Sala Principal 15/11/2013 Donación - Facultad de Ciencias y Humanidades 007181   972.8432 INS mon 1007181 15/11/2013 9.00 15/11/2013 1- Monografias